Compendio de enfermedades de la batata (Camote, boniato) /
Guardado en:
| Autor Principal: | |
|---|---|
| Otros Autores: | |
| Formato: | Electrónico |
| Idioma: | Spanish |
| Publicado: |
Lima :
Centro Internacional de la Papa,
1991.
|
| Acceso en línea: | Acceso a texto completo |
| Etiquetas: |
Agregar Etiqueta
Sin Etiquetas, Sea el primero en etiquetar este registro!
|
| LEADER | 00871nmm a22001695a 4500 | ||
|---|---|---|---|
| 001 | EEA.libagro010754 | ||
| 008 | 161012s1991####pe#########m########spa#d | ||
| 005 | 20200318115738.0 | ||
| 245 | 1 | 0 | |a Compendio de enfermedades de la batata |h [recurso electrónico] : |b (Camote, boniato) / |c C.A. Clark y J.W. Moyer. |
| 260 | |a Lima : |b Centro Internacional de la Papa, |c 1991. | ||
| 500 | |a Título tomado de archive.org (visto el 12 de octubre de 2016). | ||
| 500 | |a Traducido de "Compendium of Sweet Potato Diseases", 1988 con autorización de: The American Phytopathological Society St. Paul, Minnesota, E.U.A. por Teresa Ames de Icochea. | ||
| 538 | |a Modo de acceso: World Wide Web. | ||
| 020 | |a 9290601507 | ||
| 100 | 1 | |a Clark, C. A. | |
| 700 | 1 | |a Moyer, J. W. | |
| 856 | 4 | 0 | |3 Acceso a texto completo |u https://ia600404.us.archive.org/16/items/bub%5Fgb%5FM61%5FnVW3WWUC/bub%5Fgb%5FM61%5FnVW3WWUC.pdf |
